Európsky kódex dobrej správnej praxe
Guardado en:
| Formato: | Libro |
|---|---|
| Lenguaje: | eslovaco |
| Publicado: |
Luxembourg
Úrad pre vydávanie úradných publikácií Európskych spoločenstiev
2005
|
| Materias: | |
| Etiquetas: |
Sin Etiquetas, Sea el primero en etiquetar este registro!
|
MARC
| LEADER | 00000nam$a2200000$$$4500 | ||
|---|---|---|---|
| 001 | 0108463 | ||
| 005 | 20240313132855.4 | ||
| 020 | |a 92-95022-38-6 | ||
| 041 | 0 | |a slo | |
| 044 | |a LU | ||
| 245 | 1 | 0 | |a Európsky kódex dobrej správnej praxe |
| 264 | 1 | |a Luxembourg |b Úrad pre vydávanie úradných publikácií Európskych spoločenstiev |c 2005 | |
| 300 | |a 19 s. | ||
| 610 | 2 | 0 | |a ombudsman |
| 610 | 2 | 0 | |a kódexy |
| 610 | 2 | 0 | |a právo európske |
| 610 | 2 | 0 | |a Európsky parlament |
| 610 | 2 | 0 | |a Európsky kódex dobrej správnej praxe |